000 00664nam a2200205Ia 4500
003 GCL
008 140319s9999 xx 000 0 ara d
040 _aGCL /
_cGCL
082 0 4 _a214.29
_bم ت
100 1 _aمحمد ابراهيم الفيومى
245 1 0 _aتاريخ الفكر الدينى الجاهلى /
_cمحمد ابراهيم الفيومى
260 _aالقاهرة :
_bدار الفكر العربى ،
_c1994
300 _a563 ص ؛
_c24 سم
490 _a
650 0 4 _aالعصر الجاهلى
650 0 4 _aتاريخ
650 0 4 _aالديانات
650 0 4 _aالاسلام والديانات الاخرى
942 _2ddc
_cBK
999 _c38666
_d38666